Himachal pradesh ke lokh nirtya (Record no. 40280)
[ view plain ]
| 000 -LEADER | |
|---|---|
| fixed length control field | 00830nam a2200157Ia 4500 |
| 008 - FIXED-LENGTH DATA ELEMENTS--GENERAL INFORMATION | |
| fixed length control field | 210323s9999||||xx |||||||||||||| ||und|| |
| 040 ## - CATALOGING SOURCE | |
| Transcribing agency | STCPL |
| 082 ## - DEWEY DECIMAL CLASSIFICATION NUMBER | |
| Classification number | 793.319 5452 |
| Item number | HAR-H |
| 100 ## - MAIN ENTRY--PERSONAL NAME | |
| Personal name | हारिराम जसटा |
| 245 #0 - TITLE STATEMENT | |
| Title | Himachal pradesh ke lokh nirtya |
| Title in other language | हिमाचल प्रदेश के लोक नुप्य |
| 260 ## - PUBLICATION, DISTRIBUTION, ETC. | |
| Place of publication, distribution, etc. | New Delhi |
| Name of publisher, distributor, etc. | Sanmargu Prakashi |
| Date of publication, distribution, etc. | 1978 |
| 300 ## - PHYSICAL DESCRIPTION | |
| Extent | 150 P , 21CM |
| 650 ## - SUBJECT ADDED ENTRY--TOPICAL TERM | |
| Topical term or geographic name entry element | GeneralINTRODUCTION TO THE THEORETICAL TREATMENT OF MOLECULAR SYSTEMS, VIBRATIONAL ENERGIES OF A DIATOMIC MOLECULOE, ROTATIONAL ENERGIES OF LINEAR MOLECULES, ABSORPTION AND EMISSION OF RADIATION, ROTATIONAL SPECTRA VIBRATIONS, OF POLYATOMIC MOLECULES, ROTATION VIBRATION SPECTRA, MOLECULAR SYMMETRY AND GROUP THEORY, ELECTRONIC SPECTRA OF DIATOMIC MOLECULES |
| 942 ## - ADDED ENTRY ELEMENTS (KOHA) | |
| Koha item type | Books |
| 041 ## - LANGUAGE CODE | |
| Language code of original | |
| Withdrawn status | Lost status | Damaged status | Not for loan | Home library | Current library | Shelving location | Date acquired | Cost, normal purchase price | Total Checkouts | Full call number | Barcode | Date last seen | Price effective from | Koha item type |
|---|---|---|---|---|---|---|---|---|---|---|---|---|---|---|
| ST. THOMAS COLLEGE LIBRARY, PALAI | ST. THOMAS COLLEGE LIBRARY, PALAI | 2021-07-10 | 9.50 | 793.319 5 HAR-H | 48783 | 2021-07-10 | 2021-07-10 | Books |
